| Поле | Инд. | ПП | Название | Значение |
|---|---|---|---|---|
| Тип записи | a | |||
| Библиографический уровень | m | |||
| 001 | Контрольный номер | 61f0f7f3bd514d5eb09c06ae37d431bb | ||
| 005 | Дата корректировки | 20161026085245.1 | ||
| 040 | a | Служба первич. каталог. | НБ ТвГУ | |
| b | Код языка каталог. | rus | ||
| e | Правила каталог. | PSBO | ||
| 041 | 0_ | a | Код языка текста | rus |
| 080 | a | Индекс УДК | 811.161.1'373(043.3) | |
| 080 | a | Индекс УДК | 821.161.1.09(043.3) | |
| 084 | a | Индекс другой классификации/Индекс ББК | Ш141.12-36я031 | |
| 084 | a | Индекс другой классификации/Индекс ББК | Ш33(2=411.2)522-8Толстой,4я031 | |
| 090 | a | Полочн. индекс | Ш141.12 | |
| x | Авторский знак | Л 74 | ||
| 097 | b | Оператор | mimoza | |
| 100 | 1_ | a | Автор | Ломакина Ольга Валентиновна |
| q | Полное имя | Ломакина О. В. | ||
| 245 | 10 | a | Заглавие | Фразеология в языке Л. Н. Толстого: лингвистический комментарий и лексикографическое описание |
| b | Продолж. заглавия | автореф. дис. ... к.ф.н. : 10.02.01 - русский язык | ||
| c | Ответственность | науч. консультант: д.ф.н., проф. В. М. Мокиенко ; СПбГУ | ||
| 260 | c | Дата издания | 2016 | |
| a | Место издания | Санкт-Петербург | ||
| b | Издательство | б. и. | ||
| 300 | a | Объем | 42 с. | |
| 500 | a | Примечание | На правах рукоп. | |
| 502 | a | Примечание о диссертации | Защищена 23.06.2016 | |
| 504 | a | Библиография | Библиогр.: с. 31-42 | |
| 653 | 0_ | a | Ключевые слова | Языкознание |
| a | Ключевые слова | Текст | ||
| a | Ключевые слова | Фразеология | ||
| a | Ключевые слова | Лингвистика | ||
| a | Ключевые слова | Лексика | ||
| a | Ключевые слова | Лексикология | ||
| a | Ключевые слова | Толстой Лев Николаевич | ||
| a | Ключевые слова | Литература | ||
| a | Ключевые слова | Русская литература | ||
| a | Ключевые слова | Авторефераты | ||
| 700 | 12 | a | Другие авторы | Мокиенко Валерий Михайлович |
| e | Роль лиц | науч. рук. | ||
| 700 | 12 | a | Другие авторы | Никитина Татьяна Геннадьевна |
| e | Роль лиц | оппонент | ||
| 700 | 12 | a | Другие авторы | Попова Анна Ростиславовна |
| e | Роль лиц | оппонент | ||
| 700 | 12 | a | Другие авторы | Сидоренко Константин Павлович |
| e | Роль лиц | оппонент | ||
| 710 | 12 | a | Организация/ юрисдикция | Санкт-Петербургский государственный университет |
| e | Роль коллектива | место защиты | ||
| 710 | 12 | a | Организация/ юрисдикция | Санкт-Петербургский государственный университет |
| e | Роль коллектива | место выполнения работы | ||
| 710 | 12 | a | Организация/ юрисдикция | Институт русского языка им. В. В. Виноградова РАН |
| e | Роль коллектива | ведущая организация | ||
| 901 | t | Тип документа | m | |
| 920 | a | Оператор | Семен | |
| a | Оператор | Васил | ||
| a | Оператор | Рунт | ||
| a | Оператор | Стро | ||
| 930 | a | Новая/Ретро | новая | |
| 952 | c | Вид литературы | А/Р н | |
| 954 | b | Дата поступления в ОК | 20160621 | |
| a | Дата поступления на обработку | 20160831 | ||
| c | Дата окончания ОНО | 20161025 |